04162nam a2200661 a 450000100060000000300080000600500170001400800410003103500190007204000320009104100080012308200440013124501100017524600630028524600440034824600460039224600480043824600470048624600490053324600960058224600480067824600490072624601210077524600470089624600470094324600460099024601740103624600980121024601210130826000810142930000300151050511170154065000320265765000290268970000260271870000320274470000280277670000310280470000320283570000290286770000320289670000360292870000530296470000300301770000310304770000340307870000430311270000410315570000310319670000300322770000260325770000330328370000440331670000450336070000240340570000400342970000310346943706BD-RjUL20211209053735.0190331m19461941enka 000 0 eng  a(BD-RjUL)43824 aDLCcDLCdDLCdBD-RjULbeng aeng 223a333.70942bLAN Pt.7-8-58 1941-194604aThe land of Britain :bthe report of the land utilization survey of Britain /cEdited by L. Dudley Stamp. aKirkcudbright and Wigtown (Part 7-8) / by F. Kenneth Hare aBerwickshire (Part 14) / by P. C. Waite aCaithness (Part 15 ) / by S. W. E. Vince  aThe Lothians (Part 16-18 ) / by P. M. Scola aDumfriesshire (Part 19 ) / by J. A. McIver aRenfrewshire (Part 20 ) / by Morag D. Moyes  aPeeblesshire and selkirkshire (Part 24-25 ) / by David L. Linton and Catherine P. Snodgrass aAngus (Forfar) (Part 27 ) / by E. B. Dobson aCardiganshire (Part 40) / by Emrys J. Howell aCumberland and Westmor Land (Part 49-50) / by L. Dudley Stamp ; with contributions by Gordon Manley and Elwyn Davis aBedfordshire (Part 55) / by C. E. Fitchett aOxfordshire (Part 56 ) / by Mary Marshall  aLeicestershire (Part 57) / by R. M. Auty  aNorthamptonshire ; Soke of peterborough (Part 58-59) / by S. H. Beaver ; based in part on a manuscripts by D. M. Allen ; and with a section on soils by G. Robin Clarke aStaffordshire (Part 61) / by J. Myers ; with an appendix on the Black Country by S. H. Beaver aWorcestershire (Part 68) / by K. M. Buchanan ; With certain details referring to the whole of the English Midlands  aLondon :bPub. for the survey by geographical publications Ltd., c1941-1946 a Part :bill. ;c28 cm.1 aPart 7: Kirkcudbright and Part 8: Wigtown / by F. Kenneth Hare - Part 14: Berwickshire / by P. C. Waite -- Part 15: Caithness / by S. W. E. Vince -- Part 16-18: The Lothians / by P. M. Scola -- Part 19: Dumfriesshire / by J. A. McIver -- Part 20: Renfrewshire / by Morag D. Moyes -- Part 24-25: Peeblesshire and selkirkshire / by David L. Linton and Catherine P. Snodgrass -- Part 27: Angus (Forfar) / by E. B. Dobson -- Part 40: Cardiganshire / by Emrys J. Howell -- Part 49: Cumberland and Part 50: Westmor Land / by L. Dudley Stamp ; with contributions by Gordon Manley and Elwyn Davis -- Part 55: Bedfordshire / by C. E. Fitchett -- Part 56: Oxfordshire / by Mary Marshall -- Part 57: Leicestershire / by R. M. Auty -- Part 58: Northamptonshire ; Part 59: Soke of peterborough / by S. H. Beaver ; based in part on a manuscripts by D. M. Allen ; and with a section on soils by G. Robin Clarke -- Part 61: Staffordshire / by J. Myers ; with an appendix on the Black Country by S. H. Beaver -- Part 68: Worcestershire / by K. M. Buchanan ; With certain details referring to the whole of the English Midlands -- 0aAgriculturezGreat Britain. 0aLand usezGreat Britain. aStamp, L. Dudley, ed. aHare, F. Kenneth (Part 7-8) aWaite, P. C. (Part 14)  aVince, S. W. E. (Part 15 ) aScola, P. M. (Part 16-18 )  aMcIver, J. A. (Part 19 ) aMoyes, Morag D. (Part 20 )  aLinton, David L. (Part 24-25 ) aSnodgrass, Catherine P. , jt auth. (Part 24-25 ) aDobson, E. B. (Part 27 ) aHowell, Emrys J. (Part 40) aStamp, L. Dudley (Part 49-50) aManley, Gordon, jt. auth. (Part 49-50) aDavis, Elwyn, jt. auth. (Part 49-50) aFitchett, C. E. (Part 55)  aMarshall, Mary (Part 56 ) aAuty, R. M. (Part 57) aBeaver, S. H. (Part 58-59)  aAllen, D. M. , jt. auth. (Part 58-59) aClarke, G. Robin, jt. auth. (Part 58-59) aMyers, J. (Part 61) aBeaver, S. H. , jt. auth. (Part 61) aBuchanan, K. M. (Part 68)